000 00249nam a2200109Ia 4500
008 190216s9999||||xx |||||||||||||| ||und||
100 _aMayor
245 0 _aLaboratory Sasya Physiology
260 _bBhasha Institute
650 _aBotany
942 _cBK
999 _c39634
_d39634